000
00263nam a2200109Ia 4500
008
230907s9999||||xx |||||||||||||| ||und||
082
_a
302.23
_b
MCL
245
0
_a
Understanding media :
260
_a
Routledge,
_b
New York :
_c
2008
300
_a
392 p.
942
_c
BK
999
_c
601575
_d
601575